[Event "20th Dubai Open 2018"]
[Site "Dubai"]
[Date "2018.04.07"]
[Round "5"]
[White "Tabatabaei, M.amin"]
[Black "Sundararajan, Kidambi"]
[Result "1/2-1/2"]
[WhiteElo "2605"]
[BlackElo "2436"]
[Annotator "TA"]
[PlyCount "64"]
[EventDate "2018.??.??"]
[EventType "swiss"]
[EventCountry "UAE"]
[SourceTitle "playchess.com"]
[Source "ChessBase"]
[SourceQuality "1"]

{[%evp 21,64,21,35,0,17,17,39,11,27,14,24,17,29,0,0,-5,-14,-44,-38,-37,-47,-55,-59,-69,-69,-183,-182,-163,-143,-153,-160,-164,-157,-135,0,-250,-223,-187,-58,-56,0,-175,0,-90,0]} 1. e4 e6 2. d4 d5 3. Nc3 Nf6 4. e5 Nfd7 5. f4 c5 6. Nf3 Nc6 7. Be3 a6 8. Qd2 b5 9. Be2 Bb7 {C11: French: Classical System: 4 e5 and 4 Bg5 dxe4} (9... Be7 10. O-O O-O 11. a3 Rb8 12. Kh1 Qc7 13. dxc5 Nxc5 14. b4 Ne4 15. Nxe4 dxe4 16. Nd4 Nxd4 17. Bxd4 {½-½ (36) Vachier Lagrave,M (2791)-Bluebaum,M (2642) Dortmund 2017}) 10. Nd1 Be7 11. O-O O-O {LiveBook: 5 Games. The position is equal.} 12. Nf2 cxd4 13. Nxd4 {[%cal Bf3d4,Bd4b3,Bb3d2][%mdl 32]} Rc8 14. a3 Nc5 {[#]} 15. b4 $146 {Threatens to win with Nxc6.} ({Find the theoretical novelty and annotate with similar games:} 15. Rad1 Qc7 16. Bf3 Na4 17. c3 {0-1 (50) Cmilyte,V (2514)-Skripchenko,A (2460) Antakya 2010}) 15... Ne4 16. Nxe4 dxe4 17. Nb3 (17. c3 {NOTEXT} Nxd4 18. Bxd4 Qd7 19. Qe3 Rfd8 20. Bg4) 17... Qxd2 18. Nxd2 f6 {[%cal Bf7f6,Bf6f5][%mdl 32]} 19. Bg4 f5 20. Be2 {[#]} g5 $1 {[%mdl 512] Hoping for ...gxf4.} 21. g3 (21. fxg5 Nxe5) 21... gxf4 22. gxf4 Kh8 $1 23. Rac1 ({White has to play} 23. Rfd1 $1 $15) 23... Rg8+ $19 24. Kh1 {[#]} Nxb4 $1 {[%mdl 512]} 25. axb4 {c3 is the strong threat.} Rc3 26. Bc5 Bxc5 27. bxc5 {With the idea Nb3.} Rh3 (27... Rg7 $1 $17) 28. Rcd1 $2 (28. Ra1 $11) 28... Rg6 $1 29. c3 Rgh6 (29... Rgg3 30. Ra1 $11) (29... Bc6 $1 $19 30. c4 bxc4) 30. Kg1 $15 Rg6+ (30... Bc6 $15 31. c4 Rg6+ 32. Kf2 (32. Kh1 $2 bxc4 33. Ra1 c3 $19) 32... Rxh2+ 33. Ke3 Rg3+ 34. Bf3 exf3) 31. Kh1 $19 {[#]} Rgh6 ({Weaker is} 31... Rgg3 32. Ra1 $11) (31... Bc6 $1 $19 {White must now prevent ...Rgh6.} 32. Ra1 Rgh6) 32. Kg1 $17 {[#]} Rg6+ {Precision: White = 38%, Black = 48%.} ({Of course not} 32... Rxh2 $6 33. Nb3 $11) (32... Bc6 $1 $17 33. Kf2 e3+ 34. Ke1 exd2+ 35. Rxd2 Bd5) 1/2-1/2

[Event "20th Dubai Open 2018"]
[Site "Dubai"]
[Date "2018.04.07"]
[Round "5"]
[White "Volkov, Sergey"]
[Black "Tahbaz, Arash"]
[Result "1/2-1/2"]
[WhiteElo "2598"]
[BlackElo "2434"]
[Annotator "TA"]
[PlyCount "205"]
[EventDate "2018.??.??"]
[EventType "swiss"]
[EventCountry "UAE"]
[SourceTitle "playchess.com"]
[Source "ChessBase"]
[SourceQuality "1"]

{[%evp 22,205,0,0,0,-16,-9,-8,-8,-16,0,-8,0,0,0,-1,-12,-41,0,0,58,59,56,54,75,71,97,0,0,0,0,0,0,0,0,-41,49,55,68,57,128,60,155,142,146,69,68,73,64,50,60,50,69,70,79,70,91,95,95,98,98,99,95,106,170,133,227,192,189,105,121,101,92,81,81,81,81,81,81,80,80,73,80,80,80,80,80,80,80,80,80,0,0,0,0,0,0,0,0,0,0,0,0,0,0,0,0,0,0,0,0,0,0,0,0,0,0,0,0,0,0,0,0,0,0,0,0,0,0,0,0,0,0,0,0,0,0,0,0,0,0,0,0,0,0,0,0,0,0,0,0,0,0,0,0,0,0,0,0,0,0,0,0,0,0,0,0,0,0,0,0,0,0,0,0,0,0,0,0,0,0,0,0,0,0,0]} 1. d4 Nf6 2. c4 e6 3. Nc3 Bb4 4. a3 Bxc3+ 5. bxc3 O-O 6. f3 Ne8 7. e4 b6 8. Bd3 Ba6 9. Nh3 Nc6 10. O-O Na5 {E27: Nimzo-Indian: Sämisch: 5...0-0 6 f3} (10... e5 11. f4 exd4 12. cxd4 Nxd4 13. Bb2 c5 14. Ng5 h6 15. Nf3 Nxf3+ 16. Rxf3 Bb7 17. f5 Nf6 18. Rg3 {1-0 (30) Braun,A (2574)-Schlosser,P (2503) Germany 2017}) 11. Qe2 c5 12. e5 {LiveBook: 26 Games} h6 13. d5 exd5 14. cxd5 Bxd3 15. Qxd3 d6 16. f4 c4 17. Qf3 $146 ({Predecessor:} 17. Qe4 Nb3 18. Rb1 {½-½ (31) Troia,E (2286)-Solar,J (2208) ICCF email 2012}) 17... Nb3 18. Rb1 Nc7 19. Rd1 Re8 20. Nf2 Nxc1 (20... Qd7 $11) 21. Rbxc1 $14 dxe5 22. d6 Ne6 23. d7 Rf8 24. fxe5 (24. f5 $1 $16 {[%cal Rf5e6]} Nc5 25. Rd6) 24... Qg5 $11 25. Ne4 $36 {[%mdl 2048] Black is under pressure.} Qxe5 26. Nd6 Rad8 27. Nb7 $1 ({Of course not} 27. Nxc4 Qc7 $17) 27... Rb8 28. Qc6 Nf4 (28... Qe3+ $15 29. Kh1 Qe2) 29. Re1 $14 Qg5 {Threatens to win with ...Ne2+!} 30. Rcd1 $1 Ne6 (30... Kh7 $1 $14) 31. Nd6 ({White should try} 31. a4 $16) 31... Qc5+ (31... Rbd8 $1 $14) 32. Qxc5 $16 Nxc5 33. Nc8 ({Inferior is} 33. Nxc4 Rfd8 $17) (33. Re7 $1 $16) 33... Rbxc8 $14 34. dxc8=Q Rxc8 {[%mdl 4096] Endgame KRR-KRN} 35. Re7 a6 36. Rf1 {[%mdl 1024] White has compensation.} f6 37. Rf4 Kf8 {[#]} 38. Ra7 $1 b5 39. Rg4 g5 {[#]} 40. Rd4 $1 Re8 41. Rd6 Ne4 42. Rdxa6 Rd8 (42... Re7 $16 {was called for.}) 43. h3 $18 h5 (43... Rd6 $16 {was necessary.} 44. Rxd6 Nxd6) 44. Re6 Re8 45. Raa6 Re7 46. a4 bxa4 47. Rxe7 Kxe7 48. Rxa4 Nxc3 49. Rxc4 $16 {KR-KN} Nd5 50. h4 Kf7 51. Kf2 gxh4 52. Rc5 Ke6 53. Kf3 Ke5 54. Ra5 Ke6 55. Ke4 Nc3+ 56. Kd4 (56. Ke3 $16) 56... Ne2+ $11 {The position is equal.} 57. Ke3 Ng3 58. Kf4 Kf7 59. Kf3 Kg6 60. Ra4 Kg5 61. Ra8 Kg6 62. Kf4 Kg7 63. Kf3 Kg6 64. Ra5 Nf5 65. Ke4 Ng3+ 66. Kd5 Ne2 67. Ke4 Ng3+ 68. Ke3 Nf5+ 69. Kf2 Nh6 70. Ra4 Kg5 71. Kf3 Nf5 72. Ra8 Ng3 73. Rg8+ Kf5 74. Kf2 Ke6 75. Rg7 Kf5 76. Kg1 Ne2+ 77. Kh2 $1 {[%cal Rh2h3] Hoping for Kh3.} Nf4 78. Ra7 Kg5 79. Ra5+ Kg4 80. Rb5 Ne2 81. Rb6 Kg5 82. Rb2 Ng3 83. Kh3 Nf5 84. Rb8 Kg6 85. Rh8 Kg5 86. Rg8+ Kh6 87. Kh2 Kh7 88. Ra8 (88. Rc8 {is interesting.} Kg6 89. Ra8 Ng3 90. Kh3 Nf5 91. Ra6) 88... Kg6 89. Kg1 Ng3 90. Kf2 Kg5 91. Rg8+ Kf5 92. Ke3 Ke5 93. Re8+ Kf5 94. Kd4 Kf4 95. Rf8 Kf5 96. Ke3 Kg5 97. Kf3 Kf5 98. Rg8 Ne4 99. Ke3 Ng3 100. Kf2 Ke5 101. Kg1 Ne2+ 102. Kh2 {Re8+ is the strong threat.} Nf4 103. Re8+ {Precision: White = 75%, Black = 71%.} 1/2-1/2

[Event "20th Dubai Open 2018"]
[Site "Dubai"]
[Date "2018.04.07"]
[Round "5"]
[White "Can, Emre"]
[Black "Harsha, Bharathakoti"]
[Result "1/2-1/2"]
[WhiteElo "2590"]
[BlackElo "2424"]
[Annotator "TA"]
[PlyCount "87"]
[EventDate "2018.??.??"]
[EventType "swiss"]
[EventCountry "UAE"]
[SourceTitle "playchess.com"]
[Source "ChessBase"]
[SourceQuality "1"]

{[%evp 19,87,40,36,45,34,20,26,19,27,20,14,22,26,28,25,27,68,61,72,75,118,31,48,43,54,0,0,0,0,-20,-20,-25,-8,-14,0,0,0,-6,0,-27,0,0,0,0,0,0,0,0,0,0,0,0,0,0,0,0,10,4,6,0,9,15,6,11,5,0,0,0,0,0]} 1. d4 Nf6 2. c4 e6 3. Nf3 d5 4. g3 dxc4 5. Bg2 a6 6. O-O Nc6 7. e3 Rb8 8. Nfd2 Qd7 {E04: Open Catalan: 5 Nf3} (8... e5 9. Bxc6+ bxc6 10. dxe5 Ng4 11. Nxc4 Be6 12. Nbd2 h5 13. f3 Rb4 14. fxg4 Bxc4 15. Nxc4 Qxd1 16. Rxd1 Rxc4 {1-0 (40) Ding,L (2777)-Mamedyarov,S (2799) Huaian 2017}) 9. Nxc4 b5 10. Ncd2 Be7 {LiveBook: 5 Games. White is slightly better.} 11. Nb3 O-O 12. Bd2 Bb7 13. Qc2 e5 {[%cal Re5d4]} 14. Rc1 {[%cal Rg2c6]} Nd5 $146 {[%cal Bf6d5,Bd5b4,Bb4d3][%mdl 32]} ({Predecessor:} 14... e4 15. a4 Rfc8 16. axb5 axb5 {1-0 (55) Mchedlishvili,M (2590)-Shvayger,Y (2438) Linares 2017}) 15. dxe5 Nxe5 16. e4 Nb4 17. Qxc7 Nbd3 18. Qxd7 Nxd7 19. Rc7 Rfd8 {[#]} 20. Bh3 ({White should play} 20. Ba5 $1 $16) 20... Bf6 $1 $14 {[%cal Rf6b2]} 21. Bxd7 {aiming for Bc3.} Bxb2 {Strongly threatening ...Ne5.} 22. Bc3 (22. Bc6 $14 Bxc6 23. Rxc6) 22... Bxa1 $11 23. Bxa1 Bxe4 24. N1d2 Rb7 25. Rxb7 Bxb7 26. Bg4 Re8 27. Nf1 $1 h5 28. Bf5 Be4 29. Bh3 Nb4 30. a3 {The position is equal.} Nc2 {[#] ...Bd5 is the strong threat.} 31. Bb2 Bd5 32. Nc5 a5 33. Bf5 Ne1 34. Ne3 Nf3+ 35. Kf1 Nxh2+ 36. Ke2 Bc6 37. Bc3 Ra8 38. Nb3 b4 39. Nd4 Bb7 40. axb4 axb4 41. Bxb4 Ra2+ 42. Bd2 Nf3 43. Nxf3 Bxf3+ 44. Kd3 {Precision: White = 54%, Black = 67%.} 1/2-1/2

[Event "20th Dubai Open 2018"]
[Site "Dubai"]
[Date "2018.04.07"]
[Round "5"]
[White "Narayanan.S.L"]
[Black "Dimakiling, Oliver"]
[Result "1-0"]
[WhiteElo "2568"]
[BlackElo "2412"]
[Annotator "TA"]
[PlyCount "101"]
[EventDate "2018.??.??"]
[EventType "swiss"]
[EventCountry "UAE"]
[SourceTitle "playchess.com"]
[Source "ChessBase"]
[SourceQuality "1"]

{[%evp 10,101,63,60,68,62,61,22,72,50,79,52,44,54,90,93,93,93,97,91,77,81,107,62,130,109,181,187,225,225,238,220,224,218,219,114,181,178,258,183,244,153,229,241,227,212,218,216,244,236,237,239,282,287,312,287,279,318,308,249,318,314,281,314,411,404,381,403,488,423,753,753,719,705,29944,29951,29951,29952,29950,29953,12791,8695,6070,5764,29966,29955,29965,29968,29971,29973,29971,29961,8487,5086]} 1. e4 d6 2. d4 Nf6 3. Nc3 e5 4. Nf3 exd4 5. Nxd4 g6 6. Be3 {LiveBook: 16 Games. C41: Philidor Defence} (6. Be2 Bg7 7. O-O O-O 8. f4 Re8 9. Bf3 Nbd7 10. Kh1 a6 11. a4 Rb8 12. a5 Nc5 13. Re1 Ne6 14. Be3 Nxd4 15. Bxd4 {1-0 (30) Swiercz,D (2636)-Mamedov,R (2678) Atlantic City 2016}) 6... Ng4 7. Bf4 $1 Bg7 8. Be2 {White is slightly better.} (8. f3 {NOTEXT} Nf6 9. Qd2 Nc6 10. Be3 O-O 11. O-O-O) 8... Ne5 9. Qd2 Nbc6 10. Bg5 $146 ({Find the theoretical novelty and annotate with similar games:} 10. Nxc6 Nxc6 11. Bg5 f6 12. Bh6 {½-½ (47) Novosadova,K (2014)-Rakic,M (2247) Sibenik 2007}) 10... f6 11. Be3 $36 {[%mdl 2048] White has good play.} O-O 12. O-O-O Nxd4 13. Bxd4 Be6 14. h4 h5 15. Kb1 c6 16. Be3 Nf7 (16... Re8 $14) 17. Rhg1 Qa5 {[#]} (17... Qd7 $16) 18. g4 $1 $18 {[%cal Rg4h5]} hxg4 19. Bxg4 Bxg4 20. Rxg4 Ne5 21. Rg3 f5 22. Bd4 (22. Qxd6 f4 $11) (22. Rdg1 $18) 22... fxe4 (22... f4 $16 23. Rg5 Rad8) 23. Qe2 (23. Nxe4 $6 Qxd2 24. Nxd2 (24. Rxd2 d5 $17) 24... Rf4 $14) 23... Rae8 (23... Rf3 $142) 24. Qxe4 {Black must now prevent h5!} Qc7 25. Rdg1 {aiming for Rxg6.} (25. Bxa7 d5 $14) 25... Nf3 (25... Qf7 $16 {was worth a try.} 26. h5 (26. Bxa7 d5 $11) 26... Nf3 27. Qxg6 (27. hxg6 $2 Qc4 $19) 27... Qxg6 28. Rxg6 Nxd4) 26. Qxg6 Nxd4 27. Qxg7+ Qxg7 28. Rxg7+ Kh8 {Hoping for ...Nf3.} 29. Rxb7 Rxf2 {[#]} 30. Rd1 $1 {[%cal Rd1d4]} ({Not} 30. Rxa7 Rxc2 31. Ra5 c5 $16) 30... Nf5 31. Rxa7 d5 32. Rf7 d4 33. Na4 Ree2 34. Rc1 Nxh4 35. Rxf2 Rxf2 {[%mdl 4096] Endgame KRN-KRN} 36. Nc5 Nf3 37. a4 Nd2+ 38. Ka2 Rf5 39. Nb3 Nf3 (39... Nc4 $142 40. Nxd4 Rd5 41. Nxc6 Rd6) 40. Rf1 Kg7 {[#]} 41. Nd2 $1 {[%mdl 512]} Nh4 (41... Nxd2 42. Rxf5) 42. Rxf5 Nxf5 {KN-KN} 43. a5 Nd6 44. Kb3 Kf6 45. Kb4 Ke6 46. a6 Nc8 47. Kc5 d3 48. cxd3 Kd7 49. Nc4 Kc7 50. Ne5 Nb6 51. b3 {Precision: White = 79%, Black = 42%.} 1-0

[Event "20th Dubai Open 2018"]
[Site "Dubai"]
[Date "2018.04.07"]
[Round "5"]
[White "Krysa, Leandro"]
[Black "Arjun, Kalyan"]
[Result "1/2-1/2"]
[WhiteElo "2543"]
[BlackElo "2397"]
[Annotator "TA"]
[PlyCount "59"]
[EventDate "2018.??.??"]
[EventType "swiss"]
[EventCountry "UAE"]
[SourceTitle "playchess.com"]
[Source "ChessBase"]
[SourceQuality "1"]

{[%evp 27,59,30,29,37,31,35,34,40,47,25,33,16,31,30,40,37,41,0,0,0,0,0,0,0,0,0,0,0,0,0,0,0,0,0]} 1. d4 Nf6 2. c4 g6 3. g3 Bg7 4. Bg2 O-O 5. Nc3 d6 6. Nf3 Nbd7 7. O-O e5 8. b3 Re8 9. e4 exd4 10. Nxd4 Nc5 11. f3 {[%cal Bf2f3,Bf3f4][%mdl 32]} c6 {E68: King's Indian: Fianchetto: 6...Nbd7 7 0-0 e5 8 e4} 12. Be3 d5 13. Nxc6 bxc6 14. Bxc5 dxc4 {LiveBook: 6 Games} 15. f4 {e5 is the strong threat.} (15. Qxd8 Rxd8 16. Rfd1 Be6 17. bxc4 Nd7 18. Bd4 Ne5 19. Nd5 cxd5 20. cxd5 {½-½ (61) Carlsen,M (2832)-Grischuk,A (2750) chess.com INT 2017}) 15... Nd7 $146 ({Find the theoretical novelty and annotate with similar games:} 15... Qxd1 16. Raxd1 Bg4 17. Rd2 cxb3 18. axb3 Nd7 19. Bd4 Bxd4+ 20. Rxd4 {1-0 (42) Thybo,J (2385)-Golubka,P (2386) Vaxjo 2016}) 16. Bd4 Nc5 17. Bxg7 Kxg7 18. Qxd8 Rxd8 19. bxc4 Rb8 20. e5 Rb2 21. Bxc6 Rdd2 22. Rab1 {[#] Hoping for Rxb2.} Rbc2 $1 {[%cal Rc2c3] The position is equal.} 23. Rfc1 (23. Rb5 {NOTEXT} Rxc3 24. Rxc5 Rxa2 25. Bd5 Bh3 26. Re1) 23... Rxh2 24. Rxc2 Rxc2 25. Ne4 Nxe4 26. Bxe4 Rxc4 27. Bd5 Rc5 28. Rd1 Kf8 29. Rd2 Ke7 30. Kf2 {Precision: White = 84%, Black = 88%.} 1/2-1/2

[Event "20th Dubai Open 2018"]
[Site "Dubai"]
[Date "2018.04.07"]
[Round "5"]
[White "Kiriakov, Petr"]
[Black "Muthaiah AL"]
[Result "0-1"]
[WhiteElo "2520"]
[BlackElo "2372"]
[Annotator "TA"]
[PlyCount "118"]
[EventDate "2018.??.??"]
[EventType "swiss"]
[EventCountry "UAE"]
[SourceTitle "playchess.com"]
[Source "ChessBase"]
[SourceQuality "1"]

{[%evp 28,118,-5,-4,0,-12,-10,-32,-31,-19,-36,-45,-51,-58,-64,-58,-54,-75,-51,-82,-49,-54,-18,-18,-18,-41,-36,-34,-36,-54,-46,-46,-53,-58,-47,-52,-54,-43,-32,-58,-43,-67,-60,-60,-60,-60,-59,-60,-52,-84,-84,-85,-83,-116,-116,-121,-118,-121,-121,-143,-120,-120,-122,-117,-116,-196,-161,-186,-186,-297,-291,-273,-285,-265,-238,-532,-503,-553,-539,-534,-528,-555,-551,-597,-516,-433,-383,-1407,-696,-972,-906,-2160,-1816]} 1. d4 Nf6 2. c4 e6 3. Nc3 Bb4 4. Qb3 c5 5. dxc5 Na6 6. a3 Bxc3+ 7. Qxc3 Nxc5 8. b4 Nce4 9. Qd4 d5 10. cxd5 Qxd5 {E38: Nimzo-Indian: Classical: 4...c5} 11. Bb2 Qxd4 12. Bxd4 O-O 13. f3 Rd8 14. Bb2 Nd6 15. e4 {[%cal Be2e4,Be4e5][%mdl 32] LiveBook: 7 Games. Hoping for e5.} Nfe8 $1 16. g4 Bd7 $146 ({Predecessor:} 16... b5 17. h3 f6 18. Rd1 {1-0 (56) Kiriakov,P (2553)-Greger,R (2365) Copenhagen 2002}) 17. e5 Nb5 {[%cal Bd6b5,Bb5c7,Bc7d5,Bd5c3][%mdl 32]} 18. a4 Nbc7 19. h3 a6 20. Bc3 Nd5 21. Bd2 Rac8 22. Bd3 Nc3 23. Bc2 Nc7 {[%cal Be8c7,Bc7d5,Bd5c3][%mdl 32]} 24. Ne2 N7d5 {And now ...Nxe2 would win.} 25. Nxc3 Nxc3 26. Rh2 Nd5 27. Bb3 Bc6 28. Rf2 h6 29. Rc1 Ne7 30. Rc3 Bd5 31. Rxc8 Rxc8 32. Bd1 Rc4 33. f4 Bc6 34. Bb3 Rd4 35. Ke2 Nd5 36. Bxd5 Rxd5 $15 {[%mdl 4096] Endgame KRB-KRB} 37. a5 Bb5+ 38. Ke1 Rd3 39. Rh2 Rf3 {[%csl Gb5][%cal Rf3f1]} 40. Kd1 Bf1 41. h4 Bh3 42. g5 h5 43. Ke1 Bg4 44. g6 fxg6 45. Bc1 Rb3 46. Rc2 (46. Bd2 $17) 46... Rxb4 47. Be3 Bf5 48. Rc7 {[#]} (48. Rh2 {might work better.}) 48... g5 $1 $19 49. fxg5 Rxh4 50. Rxb7 Ra4 51. Bd2 $2 (51. Rb2) 51... h4 {[%cal Bh5h4,Bh4h3][%mdl 32]} 52. Rb4 {[#]} Ra1+ $1 53. Kf2 h3 54. Rh4 Kf7 55. Rh8 Kg6 56. Rh4 Ra2 57. Ke1 $2 {[#]} (57. Rd4) 57... Bg4 $1 {[%mdl 512]} 58. Bf4 (58. Rxg4 h2) 58... Kf5 59. Bd2 g6 {Precision: White = 43%, Black = 74%.} 0-1

[Event "20th Dubai Open 2018"]
[Site "Dubai"]
[Date "2018.04.07"]
[Round "5"]
[White "Vishnu Prasanna. V"]
[Black "Efimenko, Zahar"]
[Result "1/2-1/2"]
[WhiteElo "2510"]
[BlackElo "2634"]
[Annotator "TA"]
[PlyCount "72"]
[EventDate "2018.??.??"]
[EventType "swiss"]
[EventCountry "UAE"]
[SourceTitle "playchess.com"]
[Source "ChessBase"]
[SourceQuality "1"]

{[%evp 20,72,9,9,22,15,32,13,30,20,29,25,27,22,20,17,20,-7,0,0,0,-4,-5,-4,-7,-2,-4,-1,0,-5,-1,-1,8,0,0,-5,0,0,0,0,0,0,0,0,0,0,0,0,0,0,0,0,0,0,29973]} 1. d4 Nf6 2. c4 e6 3. Nc3 Bb4 4. e3 O-O 5. Bd3 c5 6. Nge2 d5 7. cxd5 cxd4 8. exd4 Nxd5 9. O-O Nc6 10. Nxd5 exd5 {E48: Nimzo-Indian: Rubinstein: 5 Bd3 d5 including 6 Ne2, but excluding 6 a3} 11. Nf4 {LiveBook: 71 Games} Bd6 12. Re1 g6 (12... Qf6 13. Nxd5 Qxd4 14. Be3 Qg4 15. h3 Qxd1 16. Raxd1 Be6 17. Be4 Rad8 18. a3 Bb8 19. f4 Rfe8 20. Kf2 Bxh3 21. Bxh7+ Kxh7 22. Rh1 f5 23. Rxh3+ Kg6 24. Rhh1 Kf7 25. Kf3 {½-½ (25) Le,Q (2712)-Wei,Y (2725) Ho Chi Minh City 2017}) 13. Bc2 Nb4 {[#] And now ...Qc7 would win.} ({Much weaker is} 13... Qh4 14. g3 $16) 14. Bb3 Bf5 15. Bd2 {[#]} Rc8 $146 ({Predecessor:} 15... Be4 16. f3 Bf5 17. Bxb4 Bxb4 18. Re2 {½-½ (37) Moreno Ruiz,J (2463)-San Segundo Carrillo,P (2516) Collado Villalba 2004}) 16. Bxb4 Bxb4 {The position is equal.} 17. Re3 Be4 18. f3 Qg5 19. fxe4 Qxf4 20. Qf3 $132 {[%mdl 2048] White is not keeping still} Qxf3 21. gxf3 dxe4 22. fxe4 Kg7 23. Kg2 f6 24. Rd1 Rfd8 25. Kf3 Kf8 26. Ke2 Rc7 27. h3 Ba5 28. Rf3 Kg7 29. e5 fxe5 30. dxe5 Rxd1 31. Kxd1 $11 {[%mdl 4096] Endgame KRB-KRB} Bb6 32. Rd3 Re7 33. e6 g5 34. Ke2 h5 35. Kf3 Kf6 36. Rd7 Ke5 $2 {[%mdl 40960] Precision: White = 66%, Black = 64%. . An unexpected result.} (36... Bc7 $11) 1/2-1/2

[Event "20th Dubai Open 2018"]
[Site "Dubai"]
[Date "2018.04.07"]
[Round "5"]
[White "Venkatesh, M.R."]
[Black "Charkhalashvili, Inga"]
[Result "1-0"]
[WhiteElo "2487"]
[BlackElo "2348"]
[Annotator "TA RC"]
[PlyCount "119"]
[EventDate "2018.??.??"]
[EventType "swiss"]
[EventCountry "UAE"]
[SourceTitle "playchess.com"]
[Source "ChessBase"]
[SourceQuality "1"]

{[%evp 16,119,33,40,39,18,29,1,43,33,72,79,77,55,78,83,75,78,92,85,91,73,79,90,127,138,132,150,137,116,127,111,147,125,122,102,68,46,43,18,118,118,115,114,121,133,126,122,143,0,60,55,60,26,36,24,56,13,13,15,23,8,10,18,145,32,37,36,53,32,31,0,0,0,18,12,51,51,76,46,74,24,24,24,342,4,4,0,1059,1025,1737,1776,1651,1533,29978,29979,29980,29981,29981,29982,29982,29979,29979,29980,29988,29989]} 1. e4 c6 2. d4 d5 3. Nc3 dxe4 4. Nxe4 Nf6 5. Nxf6+ exf6 6. c3 Bd6 7. Bd3 O-O 8. Qc2 h6 {B15: Caro-Kann: 3 Nc3: 3...g6 and 3...dxe4 4 Nxe4 Nf6 5 Nxf6+ exf6} (8... Re8+ 9. Ne2 g6 10. h4 Nd7 11. h5 Nf8 12. Be3 Be6 13. O-O-O a5 14. Kb1 a4 15. hxg6 fxg6 16. c4 Bf7 17. Nc3 a3 18. b3 f5 {0-1 (29) Saric,I (2669)-Jobava,B (2690) Riadh 2017}) 9. Ne2 {LiveBook: 46 Games} c5 10. Be3 Qc7 {The position is equal.} 11. O-O-O cxd4 (11... c4 {keeps more tension.} 12. Bh7+ Kh8 13. Be4 Nc6 14. Qd2 Kg8) 12. Nxd4 Bf4 $146 ({Predecessor:} 12... a6 13. Kb1 Nc6 14. Qd2 Nxd4 15. cxd4 f5 16. f3 {1-0 (43) Schaffarczyk,A (2117)-Roever,L Werther 1999}) 13. Bxf4 Qxf4+ 14. Qd2 Qxd2+ 15. Rxd2 Nd7 16. Re1 $36 {[%mdl 2048] White is really pushing.} Ne5 17. Be4 Rb8 18. b3 a6 19. f4 Nd7 20. Bf3 g6 21. Re7 f5 22. Ne2 Nc5 23. Rd6 b5 24. Nd4 Nd3+ 25. Kd2 $1 {[%cal Rd2d3]} Nxf4 26. Nc6 Rb6 27. g3 Nh3 (27... Ne6 $11 {keeps the balance.}) 28. Bd5 $16 Ng5 29. Rxg6+ Kh7 {[#]} 30. Rd6 $1 Bb7 31. Red7 Rc8 {[%cal Rb6c6]} 32. h4 (32. Ne7 $16 Rxd6 33. Rxd6 Bxd5 34. Nxc8 Ne4+ 35. Kd3 Nxd6 36. Nxd6) 32... Bxc6 (32... Rbxc6 $11 33. Bxc6 (33. hxg5 Rxd6 34. Rxd6 Bxd5 $11) 33... Bxc6 34. hxg5 Bxd7 35. g6+ Kg7 36. Rxd7 Kxg6) 33. hxg5 $14 Bxd7 34. Rxb6 {Hoping for g6+!} (34. g6+ {looks sharper.} fxg6 35. Rxb6 Be8 36. Rxa6 Rc7 37. c4) 34... hxg5 35. Rxa6 $11 {[%mdl 4096] Endgame KRB-KRB} Kg7 36. Kd3 f4 37. gxf4 gxf4 38. Ra7 Bf5+ 39. Kd4 Bg6 (39... Rd8 $11 40. c4 (40. Rxf7+ Kg6 $15) 40... Be6) 40. c4 (40. Ra8 $16 Rc7 41. a4 bxa4 42. b4 (42. Rxa4 Kf6 $16) (42. bxa4 Bh5 $14)) 40... bxc4 $14 41. bxc4 Bh5 42. Ra3 Kf6 43. c5 {[%cal Bc4c5,Bc5c6,Bc6c7][%mdl 32]} Rd8 44. Ra6+ Ke7 {Threatens to win with ...Bf3.} 45. Ra7+ Kf6 {Strongly threatening ...Bf3.} 46. c6 f3 47. c7 Rc8 $1 48. Kc5 f2 49. Bc4 Ke7 $2 {[%mdl 8192] [#]} (49... Re8 $1 $11 {and Black is okay.} 50. Ra3 Bg4) 50. Kb6 $2 (50. Bf1 $1 $18) 50... Kd6 $1 $11 51. Bf1 {aiming for Ra3.} Re8 $2 {[%mdl 8192]} (51... Bg6 $11) 52. Ra4 $18 Bf3 53. Rf4 Bd5 54. Rxf2 Rc8 55. Rd2 {White mates.} Rxc7 {[#]} 56. Rxd5+ $1 {[%mdl 512]} Kxd5 57. Kxc7 Kc5 58. a4 Kb4 59. Bb5 f5 60. Kb6 {Precision: White = 50%, Black = 43%.} 1-0

[Event "20th Dubai Open 2018"]
[Site "Dubai"]
[Date "2018.04.07"]
[Round "5"]
[White "Karthikeyan, P.."]
[Black "Mohannad, Farhan"]
[Result "1/2-1/2"]
[WhiteElo "2481"]
[BlackElo "2219"]
[Annotator "TA"]
[PlyCount "73"]
[EventDate "2018.??.??"]
[EventType "swiss"]
[EventCountry "UAE"]
[SourceTitle "playchess.com"]
[Source "ChessBase"]
[SourceQuality "1"]

{[%evp 28,73,27,30,32,27,36,27,27,0,0,0,0,0,0,-7,0,-15,-30,-29,102,107,111,111,118,106,93,94,135,53,152,140,143,148,145,158,169,15,8,0,0,0,0,0,-7,-33,-19,-22]} 1. d4 e6 2. Nf3 Nf6 3. g3 d5 4. Bg2 Be7 5. O-O O-O 6. c4 c6 7. Nbd2 Nbd7 8. Qc2 b6 9. e4 Bb7 10. e5 Ne8 11. cxd5 cxd5 12. Re1 Rc8 13. Qa4 {E09: Closed Catalan: Main Line: 7 Qc2 c6 8 Nbd2} (13. Qd1 Qc7 14. Nb1 b5 15. Bf1 b4 16. Bd3 h6 17. Bf4 Qb6 18. Nbd2 Ba6 19. Bc2 f5 20. exf6 Rxf6 {1-0 (32) Gelfand,B (2729)-Stupak,K (2573) Tbilisi 2017}) 13... a5 14. Nf1 Ba6 15. Qd1 {LiveBook: 8 Games. White has an edge.} b5 16. h4 b4 17. Bg5 Nb6 18. Bxe7 $146 ({Predecessor:} 18. Ne3 h6 19. Bxe7 Qxe7 20. a3 bxa3 {½-½ (32) Schoch,T (2323)-Rohs,R (2313) ICCF email 2015}) 18... Qxe7 19. Ng5 {[%cal Bf3g5,Bg5h3,Bh3f4,Bf4h5][%mdl 32]} h6 20. Nh3 Nc7 21. Nf4 Nb5 22. Nh5 Kh8 23. Qg4 {[%csl Gh5][%cal Rg4g7]} g6 (23... Rg8 $11 {remains equal.}) 24. Nf6 $16 Nd7 25. Qf4 {[%cal Rf4h6]} Kg7 {[%cal Rd7f6]} 26. Nxd7 Qxd7 27. Ne3 $1 ({Much weaker is} 27. a4 bxa3 28. bxa3 Qa7 $17) 27... Qe7 28. Bf1 ({White should play} 28. Ng4 $1 $16 Rh8 29. Bf1) 28... g5 {[#]} ({Black should try} 28... h5 $1 $14) 29. Qg4 $1 f5 {[#]} 30. exf6+ $1 Qxf6 31. f4 $1 Rc6 32. Bxb5 $2 ({Inferior is} 32. fxg5 hxg5 33. Bxb5 Bxb5 $11) ({White must play} 32. hxg5 $18 hxg5 33. Rac1) 32... Bxb5 $11 33. Rad1 {[%cal Rh4g5]} Qg6 $36 {[%mdl 2048] Hoping for ...gxf4. Black is more active.} 34. hxg5 hxg5 35. Qxg5 Qxg5 36. fxg5 Kg6 37. Rd2 {Precision: White = 49%, Black = 47%.} 1/2-1/2